| 000 | 01384nam a2200205Ia 4500 | ||
|---|---|---|---|
| 999 |
_c8201 _d8201 |
||
| 005 | 20230605102807.0 | ||
| 008 | 230530s9999 xx 000 0 und d | ||
| 020 | _a9700737993 | ||
| 040 |
_aUPAN _cBiblioteca San Vicente _eRCAA2 |
||
| 041 | _aspa | ||
| 082 |
_a346.08 _bR635d |
||
| 100 |
_aRodríguez Rodríguez, Joaquín _4aut. |
||
| 245 | 0 |
_aDerecho bancario/ _cJoaquín Rodríguez Rodríguez |
|
| 250 | _a10ª ed. | ||
| 260 |
_aMéxico: _bPorrúa, _c2003 |
||
| 300 |
_a332 p.; _c24 cm. |
||
| 505 | _aCapitulo I: Introducción Capitulo II: Parte general Capitulo III: Historia Capitulo IV: Clasificación de las operaciones bancarias Capitulo V: Operaciones de intermediación en el crédito Capitulo VI: Operaciones de intermediación en el crédito. Operaciones pasivas. Depósitos bancarios. Capitulo VII: Operaciones de intermediación en el crédito. Operaciones pasivas. Depósitos bancarios Capitulo VIII: Operaciones de intermediación en el crédito. Operaciones pasivas. Depósitos bancarios Capitulo IX: Operaciones de intermediación en el crédito. Operaciones pasivas. Depósitos bancarios Capitulo X: Operaciones de intermediación en el crédito. Operaciones pasivas. Depósitos bancarios Capitulo XI: Operaciones de intermediación en el crédito. Operaciones pasivas. Redescuentos y anticipos. | ||
| 650 |
_2LEMB _xDerecho Bancario |
||
| 942 |
_cBK _2ddc |
||